000 00817nam a2200217 a 4500
001 000012513
005 20240530073914.0
008 091113s2003 dr 000 f spa d
040 _aDO-SdBNP
_bspa
_cBNPHU
082 _aRD863.44
_bH557c
100 1 _aHernández M., Edgar
_9987
245 1 0 _aChoque de luces /
_cEdgar Hernández M.
260 _aSanto Domingo :
_bSoto Castillo,
_c2003.
300 _a115 p. ;
_c22 cm.
500 _aIncluye datos biográficos del autor en la solapa de la cubierta.
500 _aInteresante relato del mediterráneo presentado y comentado en la peña de los poetas de la plaza mayor de Salamanca, en junio del 2002.
590 _aInventariado, 2019/BT
650 0 _aNovela dominicana
_9223
650 0 _aLiteratura dominicana.
_967
910 _aValidado. Control de calidad MFF
999 _c12168
_d12168